000 00419nam a2200181Ia 4500
005 20250603145307.0
008 250603s9999 xx 000 0 und d
020 _a0194229947
050 _aPR 6023 .A93 .L66/
100 _aLawrence, D. H.
245 0 _aLove among the haystacks
260 _aOxford
260 _bOxford Univeersty Perss
260 _c2004
300 _a56 p
650 _aOxford
942 _cBK
999 _c41434
_d41434